| 000 | 00892cam a22002294a 4500 | ||
|---|---|---|---|
| 020 | _a1403993793 | ||
| 020 | _a9781403993793 | ||
| 040 |
_aDLC _cDLC _dDLC |
||
| 082 | 0 | 0 |
_a001.42 _222 |
| 084 |
_aMAT 620f _2stub |
||
| 084 |
_aMR 2000 _2rvk |
||
| 084 |
_aWIS 470f _2stub |
||
| 100 | 1 | _aDavies, Martin, | |
| 245 | 1 | 0 |
_aDoing a successful research project : using qualitative or quantitative methods _cMartin Brett Davies. |
| 260 |
_aBasingstoke [England] ; _aNew York : _bPalgrave Macmillan, _c2007. |
||
| 300 |
_axiv, 274 p. : _bill. ; _c22 cm. |
||
| 504 | _aIncludes bibliographical references (p. 267-269) and index. | ||
| 650 | 0 |
_aSocial sciences _xResearch. |
|
| 650 | 0 | _aQualitative research. | |
| 856 | 4 | 1 |
_3Table of contents _uhttp://bvbr.bib-bvb.de:8991/F?func=service&doc_library=BVB01&doc_number=015431011&line_number=0001&func_code=DB_RECORDS&service_type=MEDIA |
| 942 |
_2ddc _cBK |
||
| 999 |
_c11432 _d11432 |
||